<?xml version="1.0" encoding="UTF-8"?>
<record
    xmlns:xsi="http://www.w3.org/2001/XMLSchema-instance"
    xsi:schemaLocation="http://www.loc.gov/MARC21/slim http://www.loc.gov/standards/marcxml/schema/MARC21slim.xsd"
    xmlns="http://www.loc.gov/MARC21/slim">

  <leader>01064nam a2200241 a 4500</leader>
  <controlfield tag="001">BRCA_650</controlfield>
  <controlfield tag="005">20190320203109.0</controlfield>
  <controlfield tag="008">090408s1999----sp-o---###---#000-0#spa-#</controlfield>
  <datafield tag="020" ind1=" " ind2=" ">
    <subfield code="a">8492323426</subfield>
  </datafield>
  <datafield tag="050" ind1=" " ind2="4">
    <subfield code="a">ND813.G6</subfield>
    <subfield code="b">.C36 1999</subfield>
  </datafield>
  <datafield tag="100" ind1="1" ind2=" ">
    <subfield code="a">Cano Cuesta, Marina</subfield>
    <subfield code="9">2183</subfield>
  </datafield>
  <datafield tag="245" ind1="1" ind2="0">
    <subfield code="a">Goya en la Fundaci&#xF3;n L&#xE1;zaro Galdiano</subfield>
    <subfield code="c">Marina Cano Cuesta.</subfield>
  </datafield>
  <datafield tag="260" ind1=" " ind2=" ">
    <subfield code="a">Madrid</subfield>
    <subfield code="b">Fundaci&#xF3;n L&#xE1;zaro Galdiano</subfield>
    <subfield code="c">1999</subfield>
  </datafield>
  <datafield tag="300" ind1=" " ind2=" ">
    <subfield code="a">408 p.</subfield>
    <subfield code="b">il. (algunas a color), fotograf&#xED;as</subfield>
    <subfield code="c">24 cm.</subfield>
  </datafield>
  <datafield tag="440" ind1=" " ind2="0">
    <subfield code="a">Cat&#xE1;logos de la Fundaci&#xF3;n L&#xE1;zaro Galdiano</subfield>
    <subfield code="v">1</subfield>
    <subfield code="9">2184</subfield>
  </datafield>
  <datafield tag="500" ind1=" " ind2=" ">
    <subfield code="a">Ap&#xE9;ndices : Goya en la antigua colecci&#xF3;n L&#xE1;zaro. Filigranas. Breve cronolog&#xED;a de la vida y obra de Goya y Lucientes. Exposiciones</subfield>
  </datafield>
  <datafield tag="504" ind1=" " ind2=" ">
    <subfield code="a">Bibliograf&#xED;a: p. 391-406</subfield>
  </datafield>
  <datafield tag="600" ind1="1" ind2="4">
    <subfield code="a">Goya y Lucientes, Francisco Jos&#xE9; de</subfield>
    <subfield code="d">1746-1828</subfield>
    <subfield code="v">Cat&#xE1;logos</subfield>
    <subfield code="9">2185</subfield>
  </datafield>
  <datafield tag="610" ind1="2" ind2="4">
    <subfield code="a">Fundaci&#xF3;n L&#xE1;zaro Galdiano</subfield>
    <subfield code="x">Colecciones de pintura</subfield>
    <subfield code="z">Madrid (Espa&#xF1;a)</subfield>
    <subfield code="9">2186</subfield>
  </datafield>
  <datafield tag="650" ind1="1" ind2="4">
    <subfield code="a">Pintores y grabadores</subfield>
    <subfield code="y">Siglos XVIII y XIX</subfield>
    <subfield code="z">Espa&#xF1;a</subfield>
    <subfield code="9">2187</subfield>
  </datafield>
  <datafield tag="650" ind1="1" ind2="4">
    <subfield code="a">Romanticismo, Barroco, Neosicismo</subfield>
    <subfield code="x">En la pintura</subfield>
    <subfield code="9">2188</subfield>
  </datafield>
  <datafield tag="942" ind1=" " ind2=" ">
    <subfield code="2">lcc</subfield>
    <subfield code="c">B</subfield>
  </datafield>
  <datafield tag="999" ind1=" " ind2=" ">
    <subfield code="c">566</subfield>
    <subfield code="d">566</subfield>
  </datafield>
  <datafield tag="952" ind1=" " ind2=" ">
    <subfield code="0">0</subfield>
    <subfield code="1">0</subfield>
    <subfield code="4">0</subfield>
    <subfield code="7">0</subfield>
    <subfield code="a">BRCA</subfield>
    <subfield code="b">BRCA</subfield>
    <subfield code="d">2008-06-25</subfield>
    <subfield code="l">0</subfield>
    <subfield code="o">ND813.G6 .C36 1999</subfield>
    <subfield code="p">00979</subfield>
    <subfield code="r">2019-03-22 00:00:00</subfield>
    <subfield code="w">2019-03-22</subfield>
    <subfield code="y">B</subfield>
  </datafield>
</record>
